GATE 2024 Electronics and Communication Engineering Topic wise Previous Solved Papers 37 Years Solved Papers (Record no. 12577)

MARC details
000 -LEADER
fixed length control field 00427nam a22001457a 4500
003 - CONTROL NUMBER IDENTIFIER
control field OSt
008 - FIXED-LENGTH DATA ELEMENTS--GENERAL INFORMATION
fixed length control field 240429b |||||||| |||| 00| 0 eng d
020 ## - INTERNATIONAL STANDARD BOOK NUMBER
International Standard Book Number 9789356812147
082 ## - DEWEY DECIMAL CLASSIFICATION NUMBER
Classification number 621 GKP
100 ## - MAIN ENTRY--PERSONAL NAME
Personal name GARG,Vinit Ed.
245 ## - TITLE STATEMENT
Title GATE 2024 Electronics and Communication Engineering Topic wise Previous Solved Papers 37 Years Solved Papers
260 ## - PUBLICATION, DISTRIBUTION, ETC. (IMPRINT)
Place of publication, distribution, etc Faridabad
Name of publisher, distributor, etc GK Publishers
Date of publication, distribution, etc 2024
300 ## - PHYSICAL DESCRIPTION
Extent MISC
942 ## - ADDED ENTRY ELEMENTS (KOHA)
Source of classification or shelving scheme Dewey Decimal Classification
Koha item type Reference Books
Holdings
Withdrawn status Lost status Source of classification or shelving scheme Damaged status Not for loan Collection code Home library Current library Date acquired Source of acquisition Currency Cost, normal purchase price Bill Number Total Checkouts Full call number Acc. no. / Barcode Date last seen Date last borrowed Actual Cost, discounted price Bill Date Koha item type
    Dewey Decimal Classification     GENERAL PIET C-LIBRARY PIET C-LIBRARY 27/03/2024 Zafaa Books and Distributors In rupees 895.00 ZBD0457 1 621 GKP 36886 07/02/2025 05/02/2025 626.50 27/03/2024 Reference Books

Design & Developed by: PIET Central Library
R70 Miles Stone Pattikalyana Samalkha Panipat 132102
mail ID :- [email protected], Phone No:- 0180-2569700 Ex.216